000 00384nam a2200145Ia 4500
008 230917s9999||||xx |||||||||||||| ||und||
040 _e105368
_aMAIN
041 _aEnglish
082 _a301.04 D74M
100 _aDoshi,S.L.
245 0 _aModernity, postmodernity and neo-sociological theories
260 _aJaipur
_bRawat Publications
_c2003
300 _axi,497p p.
942 _cBK
999 _c120995
_d120995